Lo sciopero nei servizi essenziali diritti dei cittadini utenti e diritti dei cittadini lavoratori

Detalles Bibliográficos
Autor principal: Di Cagno, Giovanni
Otros Autores: Monaco, Maria Paola
Formato: Libro
Lenguaje:italiano
Publicado: Bari : Cacucci Editore, 2009
Materias:
Acceso en línea:http://www.vlex.com/source/6798

MARC

LEADER 00000nam a22000007a 4500
005 20130215111309.0
007 cr|||| ||||
008 130215e2009 it ||||| |||| 00| 0 ita d
035 |a 6798 
040 |a vLex 
090 |c 3650  |d 3650 
100 1 0 |a Di Cagno, Giovanni 
245 1 3 |a Lo sciopero nei servizi essenziali diritti dei cittadini utenti e diritti dei cittadini lavoratori  |h [Recurso electrn̤ico]  
256 |a Servicio en ln̕ea 
260 |a Bari :  |b Cacucci Editore,   |c 2009 
300 |a 1 Recurso electrn̤ico 
650 0 4 |a Derecho laboral y Seguridad Social  |z Italia 
700 1 0 |a Monaco, Maria Paola 
740 |a vLex Libros (Servicio en ln̕ea) 
856 |a Acceso restringido  |u http://www.vlex.com/source/6798 
942 |c BOOK 
999 0 |a Labor laws and legislation